MMA record of Jon Jones - Statistics

General Stats
  • This quiz has been taken 32 times
  • The average score is 15 of 30
Answer Stats
Event Opponent Result % Correct
UFC 182 Daniel Cormier Win
100%
UFC 214 Daniel Cormier No Contest
100%
UFC 309 Stipe Miocic Win
96%
UFC 165 Alexander Gustafsson Win
86%
UFC 232 Alexander Gustafsson Win
86%
UFC 247 Dominick Reyes Win
82%
UFC 140 Lyoto Machida Win
82%
UFC 285 Ciryl Gane Win
75%
UFC 128 Maurício Rua Win
75%
UFC 135 Quinton Jackson Win
71%
UFC 239 Thiago Santos Win
64%
The Ultimate Fighter: Heavyweights Finale Matt Hamill Loss
61%
UFC 145 Rashad Evans Win
57%
UFC 235 Anthony Smith Win
54%
UFC 172 Glover Teixeira Win
54%
UFC 159 Chael Sonnen Win
50%
UFC 152 Vitor Belfort Win
46%
UFC 197 Ovince Saint Preux Win
43%
UFC 126 Ryan Bader Win
25%
UFC 94 Stephan Bonnar Win
25%
UFC Live: Jones vs. *********** Vladimir Matyushenko Win
25%
UFC 87 André Gusmão Win
21%
World Championship Fighting 3 Parker Porter Win
21%
UFC Live: **** vs. Jones Brandon Vera Win
18%
Battle Cage Xtreme 4 Carlos Eduardo Win
14%
UFC 100 Jake O'Brien Win
14%
ICE Fighter Anthony Pina Win
11%
Full Force Productions: Untamed 20 Brad Bernard Win
11%
Battle Cage Xtreme 5 Moyses Gabin Win
11%
United States Fight League: War in the Woods 3 Ryan Verrett Win
11%
No matching quizzes found
Score Distribution
Percent of People with Each Score
Percentile by Number Answered
Your Score History
You have not taken this quiz